| 000 | 01557cam a22004094i 4500 | ||
|---|---|---|---|
| 003 | PE-LiUPU | ||
| 005 | 20250731173138.0 | ||
| 008 | 150623s r 000 0 d | ||
| 035 | _a(Sirsi) a27089 | ||
| 040 |
_aPE-LiUPU _bspa _cPE-LiUPU _erda |
||
| 082 | 0 | 4 |
_a220.07 _bD32 _221 |
| 100 | 1 |
_aDavis, Margaret, _eautor. |
|
| 245 | 1 | 0 |
_aWhat shall I do to inherit eternal life? : _ba biblical and spirit of prophecy compilation / _cMargaret Davis. |
| 264 | 1 |
_aArmstrong, BC, Canada : _bs/e, _c[199?]. |
|
| 300 |
_a222 páginas ; _c21 cm. |
||
| 336 |
_atext _2rdacontent |
||
| 337 |
_aunmediated _2rdamedia |
||
| 338 |
_avolume _2rdacarrier |
||
| 505 | 0 | _aWhat shall I do to inherit eternal life. Cooperate with God in your salvation. Fight the Good fight of faith. Take heed you fall. Live the santified life. Understand and experience the three angels' messages. | |
| 526 | _aSEG42 | ||
| 526 | _aSEG41 | ||
| 526 | _aSEG40 | ||
| 526 | _aSEG39 | ||
| 526 | _aP94 | ||
| 526 | _aP87 | ||
| 526 | _aP86 | ||
| 526 | _aP85 | ||
| 526 | _aP77 | ||
| 526 | _aP76 | ||
| 526 | _aP35 | ||
| 630 |
_aBiblia _xEstudio y enseñanza. |
||
| 942 |
_2ddc _cBOOK |
||
| 949 |
_a220.07 D32 _wDEWEY _c1 _i52367 _lCCODEBUL1 _mBUL _p4.00 _r0 _sY _tBOOK _u2015-06-24 _xTEOLOGIA _PP35 _0COMPRA _o.STAFF. Colección General |
||
| 596 | _a1 | ||
| 999 |
_a220.07 D32 _wDEWEY _c34191 _i52367 _f2021-11-11 _g5 _lCCODEBUL1 _mBUL _p4.00 _r0 _sY _tBOOK _u2015-6-24 _xTEOLOGIA _PP35 _0COMPRA _o.STAFF. Colección General _d34191 |
||
| 980 |
_81 _gALBERTO SANCHEZ Responsable de Automatización |
||